| 000 | 00684cam a22002291 4500 | ||
|---|---|---|---|
| 001 | w 12000025 | ||
| 003 | DLC | ||
| 005 | 20260227112807.0 | ||
| 008 | 740702s1911 xx 000 0 eng | ||
| 010 | _aw 12000025 | ||
| 035 | _a(OCoLC)933823 | ||
| 040 |
_aDLC _cOKentU _dDLC |
||
| 042 | _apremarc | ||
| 050 | 0 | 0 |
_aDU420 _b.S8 |
| 100 | 1 |
_aStout, Robert, _d1844-1930. |
|
| 245 | 1 | 0 |
_aNew Zealand, _cby the Hon. Sir Robert Stout ... and J. Logan Stout. |
| 260 |
_aCambridge, _bThe University press, _c1911. |
||
| 300 |
_a185 p. _billus. _c17 cm. |
||
| 440 | 4 | _aThe Cambridge manuals of science and literature | |
| 651 | 0 | _aNew Zealand. | |
| 700 | 1 |
_aStout, J. Logan, _ejoint author. |
|
| 999 |
_c92004 _d92004 |
||